| 000 | 00661nam a22001817a 4500 | ||
|---|---|---|---|
| 003 | NUST-PNEC | ||
| 005 | 20170114142547.0 | ||
| 008 | 140718b xxu||||| |||| 00| 0 eng d | ||
| 020 | _a1118108019 | ||
| 040 | _cPNEC | ||
| 082 | _a621.4021 MOR | ||
| 100 |
_9185 _aMoran Michael J. |
||
| 245 |
_aFundamentals of Engineering Thermodynamics, Appendices _cMichael J. Moran |
||
| 300 |
_a112 p _bill. : |
||
| 500 | _aIncludes index. http://www.amazon.com/Fundamentals-Engineering-Thermodynamics-Appendices-Michael/dp/1118108019/ref=sr_1_5?s=books&ie=UTF8&qid=1405653619&sr=1-5&keywords=fundamentals+of+engineering+thermodynamics | ||
| 650 | _xME | ||
| 942 |
_2ddc _cBK |
||
| 999 |
_c60231 _d60231 |
||